Catalog

Record Details

Catalog Search



Adaptable Embedded Systems Cover Image E-book E-book

Adaptable Embedded Systems [electronic resource] / edited by Antonio Carlos Schneider Beck, Carlos Arthur Lang Lisbôa, Luigi Carro.

Record details

  • ISBN: 9781461417460
  • Physical Description: XIV, 311 p. 150 illus., 67 illus. in color. online resource.
  • Publisher: New York, NY : Springer New York : 2013.
Subject: Engineering.
Computer aided design.
Systems engineering.
Engineering.
Circuits and Systems.
Computer-Aided Engineering (CAD, CAE) and Design.

Electronic resources


LDR 01527nam a22003975i 4500
00125430
003CONS
00520130726172850.0
007cr nn 008mamaa
008121120s2013 xxu| s |||| 0|eng d
020 . ‡a9781461417460 ‡9978-1-4614-1746-0
0247 . ‡a10.1007/978-1-4614-1746-0 ‡2doi
035 . ‡a(DE-He213)978-1-4614-1746-0
050 4. ‡aTK7888.4
072 7. ‡aTJFC ‡2bicssc
072 7. ‡aTEC008010 ‡2bisacsh
1001 . ‡aBeck, Antonio Carlos Schneider. ‡eeditor.
24510. ‡aAdaptable Embedded Systems ‡h[electronic resource] / ‡cedited by Antonio Carlos Schneider Beck, Carlos Arthur Lang Lisbôa, Luigi Carro.
264 1. ‡aNew York, NY : ‡bSpringer New York : ‡bImprint: Springer, ‡c2013.
300 . ‡aXIV, 311 p. 150 illus., 67 illus. in color. ‡bonline resource.
336 . ‡atext ‡btxt ‡2rdacontent
337 . ‡acomputer ‡bc ‡2rdamedia
338 . ‡aonline resource ‡bcr ‡2rdacarrier
347 . ‡atext file ‡bPDF ‡2rda
650 0. ‡aEngineering.
650 0. ‡aComputer aided design.
650 0. ‡aSystems engineering.
65014. ‡aEngineering.
65024. ‡aCircuits and Systems.
65024. ‡aComputer-Aided Engineering (CAD, CAE) and Design.
7001 . ‡aLang Lisbôa, Carlos Arthur. ‡eeditor.
7001 . ‡aCarro, Luigi. ‡eeditor.
7102 . ‡aSpringerLink (Online service)
7730 . ‡tSpringer eBooks
77608. ‡iPrinted edition: ‡z9781461417453
85640. ‡uhttp://biblioteca.ipicyt.edu.mx:2048/login?url=http://dx.doi.org/10.1007/978-1-4614-1746-0 ‡yTexto completo ‡9CONS
950 . ‡aEngineering (Springer-11647)
901 . ‡a25430 ‡b ‡c25430 ‡tbiblio ‡sSystem Local

Additional Resources